00577cam a22002051 4500001001300000003000400013005001700017008004100034010001700075035002000092040001900112042001200131050001600143060002300159100002000182245011000202260002500312300001700337999001700354med48001285 DLC20260227111611.0810920s1947 xx a 000 0 fre  amed48001285  a(OCoLC)14752871 aDLCcDNLMdDLC apremarc00aQM531b.T530 aWN 160bT577a 19471 aTillier, Henry.10aAnatomie radiologique normale,boptique radiologique et dépistage des erreurs de lecture des clichés. aParis,bDoin,c1947. a233 p.bill. c39005d39005